| 000 | 00000nam##2200000za#4500 |
| 001 | 9.607679 |
| 003 | CaOODSP |
| 005 | 20210624213239 |
| 007 | cr ||||||||||| |
| 008 | 150406|1998||||xxc|||||o f|0| 0 fre|d |
| 040 | |aCaOODSP|bfre |
| 043 | |an-cn--- |
| 086 | 1 |aNH18-22/98-126F-PDF |
| 110 | 2 |aSociété canadienne d'hypothèques et de logement. |
| 245 | 10|aEfficacité d'un système de contrôle acoustique continu pour les bâtiments en béton post-contraint : |h[ressource électronique]|brapport d’évaluation / |
| 260 | |aOttawa - Ontario : |bSociété canadienne d'hypothèques et de logement |c[1998]. |
| 300 | |a4p. |
| 490 | 1 |aLe point en recherche et développement; série technique|v98-126 |
| 500 | |aFichier reproduit à partir de l'original imprimé. |
| 590 | |a14-16-Supp|b2014-09-25 |
| 775 | 08|tEffectiveness of an acoustic continuous monitoring system for post-tensioned buildings : |w(CaOODSP)9.580735 |
| 830 | #0|aLe point en recherche et développement; série technique ;|v98-126|w(CaOODSP)9.500900 |
| 856 | 40|ahttp://publications.gc.ca|qPDF|s123 Ko|uhttps://publications.gc.ca/collections/collection_2014/schl-cmhc/NH18-22-98-126-fra.pdf|y98-126 |